[Event "Bad Woerishofen op"]
[Site "Bad Woerishofen"]
[Date "2001.??.??"]
[Round "2"]
[White "Hamlack, Heinz"]
[Black "Kaufmann, Guenther"]
[Result "1/2-1/2"]
[WhiteElo "1916"]
[BlackElo "1643"]
[Annotator "ChessOrg"]
[PlyCount "104"]
[EventDate "1998.03.05"]
[Source "ChessBase"]
[SourceDate "1998.04.29"]

1. e4 {A04: Hollaendisches System} 1... c5 2. Nf3 Nc6 3. g3 g6 4. Bg2 Bg7 5. d3
e6 6. O-O Nge7 7. Nc3 O-O 8. Bf4 {letzter Buchzug} 8... d6 9. Nd2 a6 10. a4 d5
11. a5 (11. Nb3 d4 12. Ne2 12... b6 $11) 11... d4 (11... Nxa5 12. Na4 $17) 12.
Na4 $11 12... e5 13. Nb6 $2 (13. Bg5 f6 14. Bh4 $19) 13... Ra7 14. Bxe5 Bxe5
15. f4 Bg7 16. Nb3 Be6 17. Nxc5 Nxa5 18. Nd5 $2 (18. Nxe6 fxe6 (18... Qxb6 $6
19. Nxf8 Bxf8 20. f5 $15) 19. Na4 19... Qc8 $19) 18... Bxd5 (18... Nxd5 $6 19.
Nxe6 fxe6 20. exd5 exd5 21. Qf3 $19) 19. exd5 Nxd5 (19... b6 $142 20. Na4 20...
Nb7 $19) 20. Bxd5 Qxd5 (20... b6 $5 $142 21. Rxa5 21... bxa5 $19 (21... Qxd5
$143 22. Rxa6 Rxa6 23. Nxa6 $15)) 21. Rxa5 $15 21... b5 22. b4 (22. Nxa6 $2
22... Rfa8 $19) 22... Rfa8 23. f5 Bh6 24. Qf3 $4 (24. Ne4 $142 24... Kh8 25.
Qf3 $11) 24... Qxf3 $17 25. Rxf3 Bd2 26. fxg6 hxg6 (26... Bxb4 27. gxf7+ Kf8
28. Ne6+ Ke7 29. Rxb5 axb5 30. f8=Q+ Rxf8 31. Nxf8 Ra1+ 32. Kg2 $14) 27. Nb3
Bxb4 28. Ra2 Bc3 29. Rf4 Rd8 30. Na5 Bxa5 (30... Rd6 31. Kf2 $19) 31. Rxa5 $17
31... Rd6 32. Kf2 Rc7 33. Ra2 b4 34. Re4 Rc3 35. Re8+ Kg7 36. Rb8 a5 37. Rxa5
Rxc2+ 38. Kf3 Rxh2 39. Rxb4 Rd2 40. Ra3 f5 41. g4 fxg4+ 42. Kxg4 Kf6 43. Kf4
Rd1 44. Kf3 Rd2 (44... Kg5 45. Rc4 $17) 45. Ke4 (45. Kf4 g5+ 46. Kf3 $17) 45...
Re2+ 46. Kf3 Re3+ 47. Kf4 g5+ 48. Kg4 Re1 49. Raa4 Rg1+ 50. Kf3 Ke5 51. Rb5+
Kf6 (51... Rd5 $5 52. Rb8 g4+ 53. Kf2 Rd1 54. Re8+ Kf5 55. Rf8+ Ke6 56. Ra6+
56... Ke5 $17) 52. Rbb4 $11 52... Ke5 (52... Rf1+ $5 53. Kg3 53... Rf4 $17)
1/2-1/2

[Event "Bad Woerishofen op"]
[Site "Bad Woerishofen"]
[Date "2001.??.??"]
[Round "4"]
[White "Hamlack, Heinz"]
[Black "Babar, Michael"]
[Result "0-1"]
[WhiteElo "1916"]
[BlackElo "2175"]
[Annotator "ChessOrg"]
[PlyCount "101"]
[EventDate "1998.03.05"]
[Source "ChessBase"]
[SourceDate "1998.04.29"]

1. e4 {C78: Spanische Partie (Archangelsk- und Moeller-Variante)} 1... e5 2.
Nf3 Nc6 3. Bb5 a6 4. Ba4 Nf6 5. O-O b5 6. Bb3 Bb7 7. c3 Nxe4 8. Re1 {
letzter Buchzug} 8... d5 9. d3 Nc5 10. Nxe5 Nxe5 11. Rxe5+ Ne6 12. Qh5 g6 13.
Qe2 (13. Qf3 Bd6 14. Bg5 14... Qd7 $11) 13... Bg7 $15 14. Bg5 (14. Re3 14...
O-O $15) 14... Qd7 15. Re3 O-O 16. Qg4 h5 17. Qg3 Nxg5 (17... Rae8 18. Bf4 $15)
18. Qxg5 $11 18... Rae8 19. Nd2 Rxe3 20. fxe3 Kh7 21. Qg3 Bh6 22. Re1 Re8 23.
h4 c5 24. Bc2 (24. d4 $5 $15 $142) 24... d4 $19 25. Nf1 Bg7 (25... dxe3 $5 $142
26. Re2 26... f5 $19) 26. cxd4 $17 26... cxd4 27. e4 Be5 28. Qf2 Qc7 29. Bb3 f6
30. Re2 Qd6 31. Rc2 Rf8 32. Qf3 (32. Qe1 $5 $17) 32... f5 33. Rf2 Rf6 34. Qe2
fxe4 35. dxe4 $2 (35. Rxf6 $142 35... Bxf6 36. dxe4 $19) 35... d3 36. Qe1 Bd4
37. Ne3 Bxe4 (37... Qg3 $142 38. Kf1 Rf4 39. Rxf4 Qxf4+ 40. Qf2 Bxe3 41. Qxf4
Bxf4 42. Kf2 $19) 38. Rxf6 Qxf6 39. Qg3 (39. Qf2 Qxf2+ 40. Kxf2 40... Kh6 $19)
39... Qb6 (39... Bb6 $142 40. Qf2 Qe7 41. Kh2 $19) 40. Kf2 40... Qf6+ $4 (40...
Bxb2 41. Kf1 $19) 41. Ke1 $4 (41. Kg1 Bb6 42. Qf2 $19) 41... Bxb2 $19 42. Qc7+
Kh6 43. Bg8 (43. Qg3 Be5 44. Qg5+ Qxg5 45. hxg5+ 45... Kxg5 $19) 43... Qc3+ (
43... Qxh4+ 44. Kf1 d2 45. Qh7+ Kg5 46. Qe7+ Bf6 47. Qc5+ Kf4 48. g3+ Kxg3 49.
Nf5+ Kg4 50. Nh6+ Kf4 51. Qd6+ Ke3 52. Qc5+ Bd4 53. Nf5+ gxf5 54. Qa3+ Kf4 55.
Qd6+ Kf3 56. Qa3+ Kg4 57. Qf3+ Kxf3 58. Be6 d1=Q#) 44. Qxc3 Bxc3+ 45. Kd1 b4
46. g4 $4 (46. Bd5 Bxd5 47. Nxd5 $19) 46... Bf3+ (46... hxg4 47. Bd5 Bf3+ 48.
Bxf3 gxf3 49. Ng4+ Kh5 50. Nf2 Kxh4 51. Nxd3 $19) 47. Kc1 hxg4 48. Bc4 d2+ 49.
Kc2 g3 50. Bxa6 (50. Bf1 $19) 50... g2 51. Nxg2 (51. Bb7 Bxb7 52. Ng4+ Kh5 53.
Nf2 g1=Q 54. a3 Be4+ 55. Kb3 d1=Q+ 56. Nxd1 Qxd1+ 57. Kc4 Qd5#) 0-1

[Event "Bad Woerishofen op"]
[Site "Bad Woerishofen"]
[Date "2001.??.??"]
[Round "6"]
[White "Hamlack, Heinz"]
[Black "Haecker, Roland"]
[Result "0-1"]
[WhiteElo "1916"]
[BlackElo "1723"]
[Annotator "ChessOrg"]
[PlyCount "175"]
[EventDate "1998.03.05"]
[Source "ChessBase"]
[SourceDate "1998.04.29"]

1. e4 {C90: Spanische Partie (Abweichungen von der Hauptvariante)} 1... e5 2.
Nf3 Nc6 3. Bb5 a6 4. Ba4 Nf6 5. O-O b5 6. Bb3 Be7 7. Re1 d6 8. c3 Na5 9. Bc2 c5
10. d4 Qc7 11. dxe5 {letzter Buchzug} 11... dxe5 12. Nbd2 Bg4 13. h3 Bh5 14.
Nf1 h6 15. Ng3 Bg6 16. Nh4 Bh7 17. Nhf5 O-O 18. Nh5 Nxh5 19. Qxh5 Bg6 20. Qg4
Bf6 21. Ne3 Qc8 (21... Rfd8 22. Bb1 $11) 22. Nd5 Bd8 23. Qg3 Nc6 24. Be3 c4 25.
Rad1 Qe6 26. Bc5 Re8 27. b3 Na5 28. b4 Nb7 29. Be3 Nd6 30. Re2 (30. Qf3 30...
a5 $11) 30... Rc8 (30... Bxe4 $5 $142 31. Bxe4 31... Nxe4 $17) 31. Bc5 Nb7 32.
Ba7 Ra8 33. Be3 Nd6 34. Qf3 f5 35. exf5 Bxf5 36. Bxf5 Nxf5 37. Bc5 Rc8 38. Rde1
Bf6 39. Nxf6+ gxf6 40. Qh5 Kh7 41. g4 Ng7 42. Qh4 Qf7 43. Rd1 Red8 44. Red2
Rxd2 45. Rxd2 Rc6 46. Be3 (46. Qg3 $5 $14) 46... f5 $11 47. gxf5 Qxf5 48. Kf1
Rg6 49. Ke2 e4 50. Kd1 Qf3+ 51. Kc2 Qf5 52. Rd4 Re6 (52... a5 53. bxa5 (53.
Rxe4 $6 53... axb4 54. cxb4 54... Re6 $11) 53... Qc5 54. Qxe4 $18 (54. Rxe4
$143 54... Qa3 55. Rg4 Qxa2+ 56. Kc1 56... Qxa5 $17)) 53. Qg4 h5 54. Qxf5+ (54.
Qh4 $5 $16 $142) 54... Nxf5 $11 55. Rd7+ Kg6 56. Kd2 Rd6+ 57. Rxd6+ Nxd6 58.
Ke2 Kf5 59. Bd4 Kf4 60. Ba7 Nf5 61. Bb8+ Kg5 62. Bg3 Ne7 63. Ke3 Kf5 64. Kd4
Nc8 65. Kc5 Ke6 66. Bh4 Nd6 67. Kb6 Kd7 68. Bg5 Nf5 69. Kxa6 Kc6 70. Bf4 Ne7
71. Ka5 Nd5 72. Bd2 Nb6 73. Be3 Na4 74. Bd4 Nb2 75. Ka6 Nd3 76. Be3 Nb2 77. Ka7
Nd3 (77... Nd1 78. Bd4 $14) 78. Kb8 Ne1 79. Kc8 Nf3 80. Kd8 Ng1 81. f4 Ne2 (
81... Nxh3 82. Ke7 Nxf4 83. Bxf4 $19) 82. f5 Kd6 83. a4 $4 (83. Bg5 Nxc3 84. f6
$18) 83... bxa4 $19 84. b5 a3 (84... Nxc3 $4 85. b6 Kc6 86. f6 $18) 85. b6 Kc6
(85... Nxc3 $4 86. b7 Nd5 87. b8=Q+ Kc6 88. Qc8+ Kb5 89. Qc5+ Ka4 90. Qxc4+ Ka5
91. Qxd5+ Ka4 92. Kc7 Kb4 93. Bd2+ Ka4 94. Qc4#) 86. f6 $4 (86. Kc8 $142 86...
a2 87. b7 $11) 86... a2 $19 (86... Nxc3 $4 87. f7 Nd5 88. f8=Q Nxe3 89. Qxa3
Kxb6 90. Qxe3+ Kb5 91. Kd7 $18) 87. f7 a1=Q 88. f8=Q 0-1

[Event "Bad Woerishofen op"]
[Site "Bad Woerishofen"]
[Date "2001.??.??"]
[Round "8"]
[White "Hamlack, Heinz"]
[Black "Seidel, Sandra"]
[Result "1-0"]
[WhiteElo "1916"]
[BlackElo "1800"]
[Annotator "ChessOrg"]
[PlyCount "113"]
[EventDate "1998.03.05"]
[Source "ChessBase"]
[SourceDate "1998.04.29"]

1. e4 {A04: Hollaendisches System ohne Uebergang in andere Systeme} 1... c5 2.
Nf3 Nc6 3. d3 g6 4. g3 Bg7 5. Bg2 e5 6. O-O Nge7 7. Re1 {letzter Buchzug} 7...
O-O 8. c3 h6 9. Nbd2 d6 10. h3 Kh7 11. Qc2 f5 12. exf5 Nxf5 13. Ne4 b6 (13...
Qd7 14. g4 Nfe7 15. a3 $11) 14. g4 (14. Neg5+ $5 $142 14... Kh8 15. Nh4 Nxh4
16. Bxc6 $16) 14... Nfe7 $11 15. Ng3 Qe8 16. d4 exd4 17. Ng5+ (17. Nh4 d5 18.
Bxd5 $16) 17... hxg5 $17 18. Bxg5 (18. Bxc6 $142 18... Qxc6 19. Rxe7 $15) 18...
d3 $4 (18... d5 $142 19. Bxd5 Nxd5 20. Rxe8 20... Rxe8 $17) 19. Qxd3 $14 19...
Qf7 (19... d5 $5 20. Bxd5 Qd7 21. Bxe7 Nxe7 22. Rxe7 Qxe7 23. Bxa8 Bxg4 24.
hxg4 24... Rxa8 $16) 20. Bxe7 $18 20... Qxf2+ 21. Kh1 Ne5 22. Rxe5 $1 22...
Bxe5 (22... dxe5 23. Bxf8) 23. Bxf8 (23. Bxa8 Bxg3 24. Bg2 Bb7 (24... Qxb2 $2
25. Rg1 Rf4 26. Qxg3 $18) 25. Rg1 Rf3 26. Qxg6+ Kxg6 27. h4 Bxh4 28. Bxd6 Rh3+
29. Bh2 Bg3 30. Be4+ Bxe4+ 31. Rg2 Qxg2#) 23... Bb7 24. Qf1 $4 (24. Bxb7 Rxf8)
24... Bxg2+ 25. Qxg2 Rxf8 26. Rf1 Qxg2+ 27. Kxg2 Rxf1 28. Nxf1 a5 (28... d5 29.
Kf3 $11) 29. Kf3 Kg7 30. Ke4 Kf6 31. h4 b5 32. Ne3 b4 33. cxb4 axb4 34. b3 (34.
Kd5 Bg3 35. h5 35... Bf4 $14) 34... Bg3 35. h5 gxh5 36. gxh5 Kg5 (36... Ke6 $5
$14 $142) 37. Kd5 $18 37... Kxh5 38. Nf5 Be1 39. Nxd6 Kg6 40. Ne4 Kf7 41. Nxc5
Ke7 42. Nd3 Bd2 43. Kc4 Kd6 44. Nxb4 Kc7 45. Nd3 Kb6 46. a3 Bg5 47. b4 Bd8 48.
a4 Ka6 49. Nf4 Ba5 (49... Bh4 $18) 50. bxa5 Kxa5 51. Kb3 Kb6 52. Kb4 Ka7 53.
Ka5 Ka8 54. Kb6 Kb8 55. a5 Ka8 56. Ne6 Kb8 57. Nc7 (57. Nc7 Kc8 58. a6 Kd7 59.
a7 Kd6 60. a8=Q Ke5 61. Qf3 Kd4 62. Qe2 Kc3 63. Nb5+ Kb4 64. Qd3 Ka4 65. Qc4#)
1-0

[Event "Bad Woerishofen op"]
[Site "Bad Woerishofen"]
[Date "2001.??.??"]
[Round "2"]
[White "Hartoch, Robert"]
[Black "Seidel, Sandra"]
[Result "1-0"]
[WhiteElo "2319"]
[BlackElo "1800"]
[Annotator "ChessOrg"]
[PlyCount "115"]
[EventDate "1998.03.05"]
[Source "ChessBase"]
[SourceDate "1998.04.29"]

1. Nf3 {A30: Englische Eroeffnung (Symmetrische Variante)} 1... c5 2. c4 Nf6 3.
g3 b6 4. Bg2 Bb7 5. O-O g6 6. b3 Bg7 7. Bb2 O-O 8. d4 cxd4 9. Qxd4 Nc6 10. Qf4
{letzter Buchzug} 10... Rc8 11. Nc3 Ba8 12. Rac1 Qc7 13. Qxc7 Rxc7 14. Ba1 Rcc8
15. Rfd1 d6 16. e3 Rfe8 17. Kf1 h6 18. h3 Kf8 19. Ne1 Red8 20. Nd3 Nd7 21. Nb5
a6 22. Bxg7+ Kxg7 23. Nc3 Kf8 24. h4 Nce5 25. Bxa8 Rxa8 26. Nb4 Nf6 27. Ke2 a5
28. Nbd5 Nxd5 29. Rxd5 Rdc8 30. Rb5 Rab8 31. h5 Nd7 32. hxg6 fxg6 33. Rh1 Kg7
34. Nd5 Re8 35. Rd1 Kf7 36. f4 Rg8 37. Rh1 Rh8 38. Kf3 Rb7 39. Rd1 Rf8 40. Rh1
Rh8 41. g4 h5 42. gxh5 gxh5 43. Nc3 Nf6 (43... h4 $5 $14) 44. Rh4 $16 44... Kg6
45. Ne4 Nxe4 46. Kxe4 a4 47. Rg5+ Kf6 48. Rhxh5 (48. bxa4 $6 48... Ra7 $14)
48... Rxh5 49. Rxh5 axb3 50. axb3 Ke6 51. f5+ Kd7 52. Rh7 Kc6 53. f6 exf6 54.
Rxb7 Kxb7 55. Kf5 Kc6 56. Kxf6 d5 57. cxd5+ Kxd5 58. Kf5 (58. Kf5 Kc6 59. e4
$18) 1-0

[Event "Bad Woerishofen op"]
[Site "Bad Woerishofen"]
[Date "2001.??.??"]
[Round "4"]
[White "Hartoch, Robert"]
[Black "Wittfoth, Kai-Uwe"]
[Result "1/2-1/2"]
[WhiteElo "2319"]
[BlackElo "2141"]
[Annotator "ChessOrg"]
[PlyCount "37"]
[EventDate "1998.03.05"]
[Source "ChessBase"]
[SourceDate "1998.04.29"]

1. Nf3 {A14: Reti-Eroeffnung} 1... d5 2. g3 Nf6 3. Bg2 e6 4. O-O b6 5. b3 Bb7
6. Bb2 Be7 7. c4 O-O 8. e3 c5 9. Nc3 Nbd7 10. Qe2 Rc8 11. Rfd1 Qc7 12. Rac1
12... Rfd8 {letzter Buchzug} 13. h3 Qb8 14. cxd5 Nxd5 15. Nxd5 Bxd5 16. e4 Bb7
17. d4 cxd4 18. Rxc8 Qxc8 19. Nxd4 1/2-1/2

[Event "Bad Woerishofen op"]
[Site "Bad Woerishofen"]
[Date "2001.??.??"]
[Round "6"]
[White "Hartoch, Robert"]
[Black "Krizsany, Laszlo"]
[Result "1/2-1/2"]
[WhiteElo "2319"]
[BlackElo "2455"]
[Annotator "ChessOrg"]
[PlyCount "32"]
[EventDate "1998.03.05"]
[Source "ChessBase"]
[SourceDate "1998.04.29"]

1. Nf3 {A87: Hollaendische Verteidigung (Leningrader Variante)} 1... f5 2. g3
Nf6 3. Bg2 g6 4. b3 Bg7 5. Bb2 d6 6. d4 O-O 7. O-O Qe8 8. c4 Na6 9. Re1 {
letzter Buchzug} 9... h6 10. Nbd2 g5 11. e4 fxe4 12. Nxe4 Nxe4 13. Rxe4 Bf5 14.
Re3 Nb4 15. Ne1 Nc6 16. Qd2 Qf7 1/2-1/2

[Event "Bad Woerishofen op"]
[Site "Bad Woerishofen"]
[Date "2001.??.??"]
[Round "8"]
[White "Hartoch, Robert"]
[Black "Mainka, Romuald"]
[Result "1-0"]
[WhiteElo "2319"]
[BlackElo "2476"]
[Annotator "ChessOrg"]
[PlyCount "85"]
[EventDate "1998.03.05"]
[Source "ChessBase"]
[SourceDate "1998.04.29"]

1. Nf3 {A07: Barcza-System (Koenigsfianchetto mit moeglichen Uebergaengen in
andere Systeme)} 1... d5 2. g3 c6 3. Bg2 Bg4 4. O-O Nd7 5. d3 Ngf6 6. Qe1 e5 7.
e4 dxe4 8. dxe4 a5 9. a4 Bc5 10. Nbd2 O-O 11. h3 Bh5 12. Nb3 Bb6 13. Be3 Re8
14. Nfd2 14... Bxe3 {letzter Buchzug} 15. Qxe3 Nb6 16. Qc3 Nc8 17. Nc4 (17. f4
exf4 18. Rxf4 Qb6+ 19. Rf2 19... Qc7 $11) 17... Be2 18. Rfe1 Bxc4 19. Qxc4 Qc7
20. Qc3 b6 21. Rad1 Ra7 22. Rd3 (22. Rd2 22... Nd6 $14) 22... Qe7 (22... Nd6
23. Rd2 $11) 23. Red1 $14 23... Rc7 24. Nd2 (24. Qd2 c5 25. Rd8 25... c4 $14)
24... Nd7 $11 25. Nb3 Nb8 (25... Nf6 26. Qd2 $14) 26. h4 (26. Qd2 c5 27. Rd5
27... Nc6 $16) 26... c5 27. Qc4 Rc6 28. Rd5 Nd6 29. Qe2 c4 30. Nc1 c3 (30...
Na6 31. Na2 $14) 31. b3 Nb7 32. Nd3 (32. Qe3 32... Qc7 $16) 32... f6 33. Bh3
Rd6 34. Ne1 Qc7 35. Ng2 Red8 (35... Rxd5 36. exd5 Rd8 37. Ne3 $16) 36. Ne3 $16
36... Nc6 37. Qc4 Kf8 38. Qxc3 Nc5 39. Qc4 Nd4 40. Nf5 Rxd5 41. exd5 Nf3+ 42.
Kg2 e4 43. Nd4 (43. Nd4 Nxd4 44. Qxd4 $18) 1-0

[Event "Bad Woerishofen op"]
[Site "Bad Woerishofen"]
[Date "2001.??.??"]
[Round "2"]
[White "Hartung, Thomas"]
[Black "Schicker, Rudolf"]
[Result "1/2-1/2"]
[WhiteElo "2062"]
[BlackElo "1650"]
[Annotator "ChessOrg"]
[PlyCount "42"]
[EventDate "1998.03.05"]
[Source "ChessBase"]
[SourceDate "1998.04.29"]

1. e4 {B14: Caro-Kann (Panow-Angriff)} 1... c6 2. d4 d5 3. exd5 cxd5 4. c4 Nf6
5. Nc3 e6 6. Nf3 Bb4 7. Bg5 O-O 8. Bd3 dxc4 9. Bxc4 Qa5 10. O-O Nbd7 11. Qc2 {
letzter Buchzug} 11... h6 12. Bh4 Bxc3 13. bxc3 b5 14. Bd3 Bb7 15. Ne5 (15.
Rfb1 a6 16. Ne5 Rfc8 17. Bxf6 17... Nxf6 $11) 15... Nxe5 16. dxe5 Nd5 17. a4 b4
18. c4 Nf4 19. Be4 (19. Bg3 Nxd3 20. Qxd3 20... Rfc8 $15) 19... b3 20. Qxb3 $2
(20. Bh7+ $142 20... Kh8 21. Qxb3 Nxg2 22. Bg3 $11) 20... Bxe4 $19 21. Qe3 Nxg2
(21... Bxg2 $5 $142 22. Qxf4 Bxf1 23. Rxf1 23... Rfc8 $19) 1/2-1/2

[Event "Bad Woerishofen op"]
[Site "Bad Woerishofen"]
[Date "2001.??.??"]
[Round "4"]
[White "Hartung, Thomas"]
[Black "Peschel, Andreas"]
[Result "0-1"]
[WhiteElo "2062"]
[BlackElo "2177"]
[Annotator "ChessOrg"]
[PlyCount "75"]
[EventDate "1998.03.05"]
[Source "ChessBase"]
[SourceDate "1998.04.29"]

1. e4 {B43: Sizilianisch (Paulsen-Variante)} 1... c5 2. Nf3 e6 3. d4 cxd4 4.
Nxd4 a6 5. Nc3 Qc7 6. Bd3 Nf6 7. O-O d6 8. Bg5 {letzter Buchzug} 8... Nbd7 9.
Kh1 h6 10. Bh4 g5 11. Bg3 b6 12. Qe2 Bb7 13. Nd5 $4 (13. Rad1 $11 $142) 13...
exd5 $19 14. exd5+ Ne5 15. Nc6 Bxc6 (15... Nfd7 16. Rae1 $19) 16. dxc6 $17
16... Bg7 17. f4 gxf4 18. Bxf4 O-O 19. Bxh6 Bxh6 (19... Nxd3 $6 20. Bxg7 Kxg7
21. Qxd3 $11) 20. Rxf6 Bg7 (20... Nxd3 $6 21. Rxh6 (21. cxd3 $2 21... Bg7 22.
Qg4 22... Qxc6 $19) 21... Nf4 22. Qc4 $11) 21. Rf4 Nxd3 22. cxd3 (22. Qxd3 $5
22... Qxc6 23. Rh4 $19) 22... Qxc6 $19 23. Qh5 (23. Raf1 Rae8 24. Qf2 24... Qb5
$19) 23... Qb5 (23... Bxb2 $4 24. d4 Qc2 25. Rg4+ Qg6 26. Rxg6+ fxg6 27. Qxg6+
Kh8 28. Rb1 $18) 24. Rf5 (24. Qxb5 axb5 25. Rb4 25... Rfc8 $19) 24... Qxb2 (
24... Qxd3 $143 25. Rd5 Qe3 26. Rxd6 $19) 25. Raf1 Qxa2 26. R5f4 Qe6 27. Rh4
Rfe8 28. h3 Qg6 29. Qd5 Ra7 (29... b5 $5 30. d4 Ra7 31. Rg4 $19) 30. Rg4 Qe6
31. Qh5 (31. Qg5 f5 32. Rxf5 Rf7 33. Rxf7 33... Qxf7 $19) 31... Qe5 32. Rf5
Qe1+ (32... Qe3 $5 33. Rfg5 f6 34. Rf5 $19) 33. Kh2 Re6 34. Qg5 f6 35. Qg6 Rf7
36. Rh5 (36. Ra4 36... a5 $19) 36... Kf8 (36... f5 $142 37. Re4 Rxg6 38. Rxe1
$19) 37. Rh7 (37. Re4 Rxe4 38. dxe4 $19) 37... f5 38. Qxf7+ 0-1

[Event "Bad Woerishofen op"]
[Site "Bad Woerishofen"]
[Date "2001.??.??"]
[Round "6"]
[White "Hartung, Thomas"]
[Black "Seifert, Dierk"]
[Result "0-1"]
[WhiteElo "2062"]
[BlackElo "2168"]
[Annotator "ChessOrg"]
[PlyCount "56"]
[EventDate "1998.03.05"]
[Source "ChessBase"]
[SourceDate "1998.04.29"]

1. e4 {C18: Franzoesische Verteidigung (Nimzowitsch-Variante)} 1... e6 2. d4 d5
3. Nc3 Bb4 4. e5 Ne7 5. a3 Bxc3+ 6. bxc3 c5 7. Qg4 Qc7 8. Qxg7 Rg8 9. Qxh7 cxd4
10. Ne2 Nbc6 11. f4 Bd7 12. Qd3 dxc3 13. Rb1 d4 14. Nxd4 Nxd4 15. Qxd4 Nf5 16.
Qb4 {letzter Buchzug} 16... O-O-O 17. Rb3 Bc6 18. Rxc3 Rd4 19. Rc4 Rxc4 20.
Qxc4 Qa5+ 21. Qb4 Qd5 22. Qd2 Qc5 23. Qf2 (23. c4 Nh4 24. Qc3 Bxg2 25. Bxg2
25... Rxg2 $15) 23... Nd4 24. Be3 $4 (24. Kd1 Rd8 25. Bd3 $19) 24... Nxc2+ $19
25. Kd2 Rd8+ (25... Nxe3 26. Qxe3 Rd8+ 27. Bd3 Qxa3 28. Rb1 $17) (25... Qxe3+
26. Qxe3 Nxe3 27. Kxe3 $16) 26. Bd3 Qxa3 27. Kxc2 (27. Bd4 Rxd4 28. Qxd4 Nxd4
29. Rb1 Nb3+ 30. Kd1 $19) 27... Rxd3 28. Bc5 (28. Bd4 Be4 29. Qe2 Qa2+ 30. Bb2
Qc4+ 31. Bc3 Qxc3+ 32. Kb1 Rd2+ 33. Qxe4 Qb2#) 28... Ba4+ (28... Ba4+ 29. Kb1
Rb3+ 30. Kc2 Rb2+ 31. Kc1 Qa1#) (28... Rc3+ 29. Kd2 Qb2+ 30. Kd1 Rc1#) 0-1

[Event "Bad Woerishofen op"]
[Site "Bad Woerishofen"]
[Date "2001.??.??"]
[Round "8"]
[White "Hartung, Thomas"]
[Black "Kroencke, Manfred"]
[Result "0-1"]
[WhiteElo "2062"]
[BlackElo "2161"]
[Annotator "ChessOrg"]
[PlyCount "48"]
[EventDate "1998.03.05"]
[Source "ChessBase"]
[SourceDate "1998.04.29"]

1. e4 {B49: Sizilianisch (Paulsen-Variante)} 1... c5 2. Nf3 e6 3. d4 cxd4 4.
Nxd4 Nc6 5. Nc3 Qc7 6. Be3 a6 7. Be2 Nf6 8. O-O Bb4 9. f3 O-O 10. g4 {
letzter Buchzug} 10... d6 11. g5 Nd7 12. f4 Nxd4 13. Bxd4 Bc5 14. f5 Qb6 15.
Bxc5 Qxc5+ 16. Kg2 b5 17. a3 Bb7 18. Qd2 $2 (18. Bg4 $142 18... Rae8 19. Qe2
$15) 18... exf5 $19 19. Rad1 (19. Bd3 $19) 19... fxe4 (19... Bxe4+ $6 20. Bf3
$17) 20. Qf4 (20. Qxd6 Qxg5+ 21. Kh1 21... Ne5 $19) 20... Ne5 21. Kg3 Ng6 22.
Qg4 d5 23. h4 (23. Qd7 Bc6 24. Qf5 24... Rae8 $19) 23... Qe3+ (23... Bc8 $142
24. Qh5 Qe3+ 25. Rf3 exf3 26. Qxf3 Qe5+ 27. Kf2 Nxh4 28. Qg3 Qxg3+ 29. Kxg3 $19
) 24. Kh2 d4 (24... d4 25. Nxe4 25... Bxe4 $19) 0-1

[Event "Bad Woerishofen op"]
[Site "Bad Woerishofen"]
[Date "2001.??.??"]
[Round "2"]
[White "Heika, Martin"]
[Black "Vossenkuhl, Joachim"]
[Result "1/2-1/2"]
[WhiteElo "2325"]
[BlackElo "2147"]
[Annotator "ChessOrg"]
[PlyCount "45"]
[EventDate "1998.03.05"]
[Source "ChessBase"]
[SourceDate "1998.04.29"]

1. e4 {B22: Sizilianisch (Alapin 2.c3)} 1... c5 2. c3 e5 3. Nf3 Nc6 4. d4 exd4
5. cxd4 cxd4 6. Nxd4 Nf6 7. Nxc6 dxc6 8. Qxd8+ Kxd8 9. Nc3 Bb4 10. Bg5 {
letzter Buchzug} 10... h6 11. O-O-O+ Ke7 12. Bh4 g5 13. Bg3 Be6 14. f3 Rhd8 15.
a3 Rxd1+ 16. Nxd1 Bc5 17. Be1 a5 (17... Rd8 18. Bd2 $15) 18. Bd2 b5 19. h4 Nh5
20. Bd3 (20. hxg5 $143 20... Ng3 21. Rh4 Nxf1 22. gxh6 Nxd2 23. Kxd2 Rd8+ 24.
Kc2 24... a4 $17) 20... Nf4 (20... Ng3 21. Re1 gxh4 22. Bxh6 $11) 21. Bf1 $11
21... Nh5 22. Bd3 (22. hxg5 $143 22... Ng3 23. Rh4 Nxf1 24. gxh6 Nxd2 25. Kxd2
Rd8+ 26. Kc2 26... a4 $17) 22... Nf4 (22... Ng3 23. Re1 gxh4 24. Bxh6 $11) 23.
Bf1 $11 1/2-1/2

[Event "Bad Woerishofen op"]
[Site "Bad Woerishofen"]
[Date "2001.??.??"]
[Round "4"]
[White "Heika, Martin"]
[Black "Kugelmann, Werner"]
[Result "1-0"]
[WhiteElo "2325"]
[BlackElo "2159"]
[Annotator "ChessOrg"]
[PlyCount "89"]
[EventDate "1998.03.05"]
[Source "ChessBase"]
[SourceDate "1998.04.29"]

1. e4 {B22: Sizilianisch (Alapin 2.c3)} 1... c5 2. c3 e6 3. d4 d5 4. exd5 Qxd5
5. Nf3 Nf6 6. Be2 Nc6 7. O-O Be7 8. Be3 cxd4 9. cxd4 O-O 10. Nc3 Qa5 11. a3 {
letzter Buchzug} 11... Nd5 12. Nxd5 (12. Qc2 Nxc3 13. bxc3 13... b6 $11 (13...
Bxa3 $2 14. Bc1 $18)) 12... Qxd5 13. Rc1 Rd8 14. Bc4 Qd6 (14... Qf5 15. Bd3 Qd5
16. Re1 $11) 15. Qd3 Bf6 16. Rfd1 Ne7 17. Ng5 Bxg5 18. Bxg5 Re8 19. Qe4 Qd7 20.
Rc3 (20. Bxe7 Rxe7 21. Bd3 21... g6 $16) 20... f5 (20... Nd5 $5 21. Rc2 21...
h6 $14) 21. Qe5 Nd5 22. Rg3 Qf7 23. Bh6 g6 24. h4 Nf6 25. Be2 Ne4 26. Rh3 Rd8
27. Bc4 Qf6 28. Re1 (28. Rhd3 28... a6 $16) 28... Qxe5 (28... Rxd4 $5 $142 29.
Qxf6 29... Nxf6 $15) 29. dxe5 $16 29... Rd4 30. b3 Rd8 31. Rhe3 Nd2 32. Be2 Ne4
33. f3 Nc5 34. Rc3 b6 35. b4 Na4 36. Rc7 36... Bd7 $2 (36... Rd7 37. Rec1 Nc5
38. Rc6 $16) 37. Bc4 $4 (37. Bg5 $5 $142 37... Be8 38. Bxd8 Rxd8 39. Rxa7 39...
Nc3 $18) 37... b5 (37... Rdc8 $5 $142 38. Rxd7 38... Rxc4 $16) 38. Bb3 $18
38... Nb6 39. Bg5 (39. Rd1 $5 39... Re8 $18) 39... Re8 40. Rd1 Bc8 41. Bf6 Nd5
(41... a5 $18 $142) 42. Rg7+ Kf8 43. Rxh7 Nxf6 (43... Nb6 44. Rc1 44... Bd7 $18
) 44. exf6 a5 45. f7 (45. f7 axb4 46. axb4 $18) (45. bxa5 $5 45... Ra6 $18) 1-0

[Event "Bad Woerishofen op"]
[Site "Bad Woerishofen"]
[Date "2001.??.??"]
[Round "6"]
[White "Heika, Martin"]
[Black "Jenni, Florian"]
[Result "0-1"]
[WhiteElo "2325"]
[BlackElo "2493"]
[Annotator "ChessOrg"]
[PlyCount "88"]
[EventDate "1998.03.05"]
[Source "ChessBase"]
[SourceDate "1998.04.29"]

1. e4 {C45: Schottische Partie} 1... e5 2. Nf3 Nc6 3. d4 exd4 4. Nxd4 Nf6 5.
Nxc6 bxc6 6. e5 Qe7 7. Qe2 Nd5 8. c4 Ba6 9. g3 O-O-O 10. b3 f6 11. Bg2 fxe5 12.
Qd2 {letzter Buchzug} 12... Nf6 13. Ba3 Qe6 (13... Qf7 14. Qa5 Kb7 15. c5 $17)
14. Qa5 $11 14... Kb7 15. Bxf8 Rhxf8 16. O-O (16. Nc3 e4 17. Qb4+ 17... Ka8 $15
) 16... e4 17. Nc3 Rde8 (17... Rfe8 18. Rfe1 $15) 18. Rfe1 Qe5 19. Qxe5 Rxe5
20. f4 Re7 21. Nxe4 (21. Bxe4 $2 21... Rfe8 (21... Nxe4 $6 22. Rxe4 Rxe4 23.
Nxe4 $14) 22. Red1 Nxe4 23. Nxe4 Rxe4 24. Rxd7 R4e7 25. Rxe7 25... Rxe7 $19)
21... Nxe4 22. Rxe4 (22. Bxe4 $2 22... Rfe8 23. Red1 Rxe4 24. Rxd7 R4e7 25.
Rxe7 25... Rxe7 $19) 22... Rxe4 23. Bxe4 h6 24. h4 Kb6 25. Re1 Re8 26. Kf2 Kc5
27. g4 d5 28. cxd5 cxd5 29. Bb1 Rxe1 30. Kxe1 Kd4 31. g5 hxg5 32. fxg5 (32.
hxg5 $5 32... Bc8 33. Kd2 $11) 32... Ke3 $15 33. h5 $2 (33. Bf5 $142 33... Be2
34. Bc2 $15) 33... d4 $19 34. Bf5 Be2 35. h6 gxh6 36. gxh6 d3 37. Bxd3 Bxd3 (
37... Kxd3 $4 38. h7 $18) 38. Kd1 Bf5 39. Kc1 Kf4 40. Kd2 Kg5 41. Ke3 Kxh6 42.
b4 Bd7 43. Kd4 Ba4 44. Ke5 Kg7 (44... Kg7 45. Ke6 45... Kf8 $19) 0-1